| 000 | 00828nam a2200217 a 4500 | ||
|---|---|---|---|
| 005 | 20210219160309.0 | ||
| 008 | 081007s1989 mx r 000 0 spa d | ||
| 035 | _aUPN01000162727 | ||
| 049 | _aUNE | ||
| 080 | _a373.3 (593) =20 RES. | ||
| 245 | 0 | 0 |
_aResearch and evaluation on the quality of primary education in Thailandia : _ba synthesis report / _cChinnapat Bhumirat... (et al.) |
| 260 |
_aE.U.A. : _bHarvard University, _c1989. |
||
| 300 | _a53 p. | ||
| 500 | _aIncluye bibliografía. | ||
| 690 | _aCalidad de la educacion- Enseñanza primaria- Tailandia | ||
| 690 | _aEnseñanza primaria- Calidad de la educacion- Tailandia | ||
| 690 | _aTailandia- Enseñanza primaria | ||
| 700 | 1 | _aBhumirat, Chinnapat; coaut. | |
| 710 | 2 | _aBasic Research and Inplementation in Developing Education Systems. | |
| 905 | _aUNESCO | ||
| 999 |
_c134840 _d134840 |
||